000 00311nam a2200121Ia 4500
008 221030s9999 xx 000 0 und d
041 _aEnglish
100 _aJ. C. Naylor
245 0 _aIndustrial Psychology - Its thoretical and Social Foundations
_cby J. C. Naylor
260 _c0
650 _aB
942 _cBK
999 _c14449
_d14449